[Event "Bremen-ch op"]
[Site "Bremen"]
[Date "2018.03.29"]
[Round "7"]
[White "Ahrens, Gunnar"]
[Black "Veit, Ingo"]
[Result "0-1"]
[WhiteElo "1665"]
[BlackElo "1969"]
[PlyCount "112"]
[EventDate "2018.03.24"]
[EventType "swiss"]
[EventRounds "9"]
[EventCountry "GER"]
[SourceTitle "EXT 2019"]
[Source "ChessBase"]
[SourceDate "2018.10.10"]
[SourceVersion "1"]
[SourceVersionDate "2018.10.10"]
[SourceQuality "1"]

1. Nf3 f5 2. g3 Nf6 3. Bg2 d6 4. d4 g6 5. c3 Bg7 6. Nbd2 Nc6 7. Qb3 e6 8. Ng5 Qe7 9. 0-0 h6 10. Ngf3 0-0 11. Nh4 Qf7 12. f4 d5 13. Nhf3 Ng4 14. a4 Ne3 15. Rf2 b6 16. Nf1 Na5 17. Qa2 Nd1 18. b4 Nxf2 19. Kxf2 Nc4 20. N1d2 Nd6 21. Ne5 Bxe5 22. dxe5 Ne4+ 23. Bxe4 fxe4 24. e3 Bd7 25. Nb3 g5 26. Qe2 Qg6 27. Nd4 g4 28. Ba3 Rfc8 29. Bb2 a6 30. Qd1 c5 31. Ne2 cxb4 32. cxb4 Rc4 33. Qd2 Rac8 34. Nd4 Qe8 35. a5 bxa5 36. Rxa5 Bb5 37. Ra1 Qe7 38. Ba3 h5 39. Rc1 Kf7 40. Kg1 Rxc1+ 41. Bxc1 Qc7 42. Bb2 Qc4 43. Qe1 Qa2 44. Qf2 Qb1+ 45. Kg2 Bf1+ 46. Qxf1 Qxb2+ 47. Qf2 Qxf2+ 48. Kxf2 Rb8 49. f5 exf5 50. e6+ Kf6 51. e7 Re8 52. b5 axb5 53. Nxb5 Rxe7 54. Nd4 Ra7 55. Ne2 Ra2 56. Kf1 Ke5 0-1

[Event "Bremen-ch op"]
[Site "Bremen"]
[Date "2015.04.03"]
[Round "8"]
[White "Laubrock, Paul"]
[Black "Veit, Ingo"]
[Result "1-0"]
[WhiteElo "1793"]
[BlackElo "2001"]
[PlyCount "79"]
[EventDate "2015.03.28"]
[EventType "swiss"]
[EventRounds "9"]
[EventCountry "GER"]
[SourceTitle "EXT 2018"]
[Source "ChessBase"]
[SourceDate "2017.10.13"]
[SourceVersion "1"]
[SourceVersionDate "2017.10.13"]
[SourceQuality "1"]

1. d4 g6 2. e4 d6 3. Nc3 c6 4. Be3 Nh6 5. f3 f6 6. Qd2 Nf7 7. h4 Bg7 8. 0-0-0 b5 9. g4 e5 10. h5 g5 11. dxe5 dxe5 12. Qxd8+ Nxd8 13. Nge2 Ne6 14. Ng3 Nf4 15. Bxb5 Be6 16. Ba4 Kf7 17. h6 Bf8 18. Rd8 Rg8 19. Bxc6 Nxc6 20. Rxa8 Bc5 21. Bxc5 Rxa8 22. Rd1 a6 23. Nf5 Bxf5 24. exf5 Rd8 25. Rxd8 Nxd8 26. Ne4 Nb7 27. Nd6+ Nxd6 28. Bxd6 Ne2+ 29. Kd2 Nd4 30. Ke3 Nxc2+ 31. Kf2 Nd4 32. Bc5 Nc6 33. b4 Ke8 34. Ke3 Kd7 35. Ke4 Nd8 36. Kd5 Nf7 37. Bf8 Kd8 38. Bg7 Ke7 39. a4 Nd6 40. Bxf6+ 1-0